| 000 | 01057nam2a22002531 4500 | ||
|---|---|---|---|
| 001 | v19\rc\2061783 | ||
| 005 | 20250620024746.0 | ||
| 035 | _a(NLR Aleph) 005138496 | ||
| 090 |
_a4779002 _c4779002 |
||
| 100 | _a20081111d1911 |||y0rusy50 ca | ||
| 101 | 1 |
_arus _cdan |
|
| 102 | _aRU | ||
| 105 | _ay z ||||| | ||
| 200 | 1 |
_a[Эксцентрические новеллы _fПер. Н. Эфроса |
|
| 210 |
_d1911 _aБ. м. |
||
| 215 | _a[6], 292 с. | ||
| 225 | 1 | _aКлассики современной мысли | |
| 461 | 0 |
_1001v19\rc\2061780 _12001#$a... Собрание сочинений$eТ. 1-10$fГерман Банг$vТ. 3 _1700#1$aБанг$bГ.И.$f1857-1912$gГерман Иоахим _94778971 _aБанг, Г.И. (1857-1912) _cМосква _d1910-1911 _fГерман Банг _nВ.М. Саблин _oТ. 1-10 _p10 т. _tСобрание сочинений _vТ. 3 |
|
| 540 | 1 | _aЭксцентрические новеллы | |
| 801 | 0 |
_aRU _bNLR _gpsbo |
|
| 801 | 1 |
_aRU _bProSoft-M _2rusmarc |
|
| 852 |
_aNLR _j38.77.5.165 |
||
| 942 | _cBOOK | ||
| 980 | _aNB | ||